000 00885nam a2200265 a 4500
001 9969
003 BD-RjUL
005 20211208234855.0
008 140121s1964 -uk 001 0 eng
035 _a(BD-RjUL)10015
035 _a(OCoLC)3394653
040 _aDLC
_cOC
_dUk
_dDLC
_dBD-RjUL
_beng
041 _aeng
082 _a338.47669
_bKED 1964
100 1 _aKeeling, B. S.
_930790
245 1 4 _aThe development of the modern British steel industry /
_c[by] B. S. Keeling and A. E. G. Wright.
260 _aLondon :
_bLongmans,
_cc1964
300 _a210 p. :
_billus., map, ports. ;
_c23 cm.
504 _aBibliography: p. 200-202 & Index.
650 0 _aSteel industry and trade
_zGreat Britain.
_930791
650 0 _aIron industry and trade
_zGreat Britain.
_930792
700 1 _aWright, Anthony Edgar Gartside,
_ejoint author.
_930793
942 _2ddc
_cBK
999 _c9969
_d9969